Music Quiz

Random Music or Artist Quiz

Album Of The Year Nominees since 1990 Quiz Stats

Quiz Updated Feb 7, 2018

Challenge
Share
Tweet
Embed
Score 0/145 Timer 15:00
3 Plays Today
Year Artist % Correct
2001Eminem
87.3%
2003Eminem
87.3%
2011Eminem
87.3%
2017Beyoncé
86%
2005Green Day
84.4%
2017Adele
84%
2015Beyoncé
83.4%
1993U2
82.4%
2002U2
82.4%
2006U2
82.4%
2010Lady Gaga
82.3%
2011Lady Gaga
82.3%
2012Lady Gaga
82.3%
2010Beyoncé
81.4%
1997Various Artists
80.2%
2009Coldplay
79.1%
1994Whitney Houston
75%
2012Adele
75%
2018Jay-Z
74.3%
1996Michael Jackson
74.3%
2016Taylor Swift
73.9%
1999Madonna
71.8%
2005Kanye West
71.2%
2006Kanye West
71.2%
2008Kanye West
71.2%
2011Katy Perry
70.9%
2004Justin Timberlake
70.2%
2007Justin Timberlake
70.2%
2010Taylor Swift
70%
2014Taylor Swift
70%
1998Radiohead
69.6%
2001Radiohead
69.6%
2009Radiohead
69.6%
1996Alanis Morissette
68.6%
2018Bruno Mars
66.5%
1991Mariah Carey
65%
1996Mariah Carey
65%
2006Mariah Carey
65%
2002OutKast
63%
2004OutKast
63%
2007Red Hot Chili Peppers
61.6%
1992R.E.M.
60.3%
1994R.E.M.
60.3%
2015Beck
59.2%
1999Lauryn Hill
58.2%
1997Beck
58.1%
2001Beck
58.1%
2018Kendrick Lamar
57%
1997The Smashing Pumpkins
54.8%
Year Artist % Correct
2008Amy Winehouse
53.5%
2013Jack White
51.6%
1996Pearl Jam
50.2%
2003Norah Jones
49.8%
2014Daft Punk
49.6%
2002Various Artists
48.4%
2000Backstreet Boys
47.9%
2010Black Eyed Peas
47.5%
1993Various Artists
47%
2009Lil Wayne
46.8%
2000Santana
46.7%
1994Billy Joel
46%
2003Bruce Springsteen
45.8%
1993Eric Clapton
45.6%
1995Eric Clapton
45.6%
2004The White Stripes
45.4%
2016Kendrick Lamar
44.4%
2013fun.
44.4%
1999Shania Twain
43.8%
1991MC Hammer
43.5%
1991Quincy Jones
43.3%
2011Arcade Fire
42.3%
2005Usher
42.1%
2012Bruno Mars
41.3%
2005Alicia Keys
40.3%
2006Gwen Stefani
39.8%
2008Foo Fighters
39.3%
2012Foo Fighters
39.3%
2013The Black Keys
38.8%
2017Drake
38.8%
1997Celine Dion
38.3%
2015Ed Sheeran
38.1%
1992Natalie Cole
38.1%
2013Mumford & Sons
38%
2014Kendrick Lamar
36.1%
1998Paula Cole
35.9%
2017Justin Bieber
35.2%
2011Lady Antebellum
34.8%
1991Phil Collins
34.5%
2014Macklemore & Ryan Lewis
33.6%
2012Rihanna
33.3%
2015Sam Smith
32.9%
1994Sting
32.1%
1998Bob Dylan
32%
2002Bob Dylan
32%
1990Tom Petty
31.8%
1990Don Henley
31.1%
1997The Fugees
30.7%
2013Frank Ocean
29.5%
Year Artist % Correct
2000TLC
29.5%
2018Lorde
28.2%
1998Paul McCartney
26.9%
2006Paul McCartney
26.9%
2007Gnarls Barkley
26.7%
2003Nelly
26.3%
1992Paul Simon
25.9%
2001Paul Simon
25.9%
1990Bonnie Raitt
25.4%
1992Bonnie Raitt
25.4%
1995Bonnie Raitt
25.4%
2009Robert Plant & Alison Krauss
24.5%
2015Pharrell Williams
24.1%
2018Childish Gambino
22.8%
2005Ray Charles
22.7%
2010Dave Matthews Band
22.5%
2007John Mayer
21.6%
2000Dixie Chicks
21.4%
2003Dixie Chicks
21.4%
2007Dixie Chicks
21.4%
2016The Weeknd
21.3%
1990Fine Young Cannibals
20.9%
1999Sheryl Crow
20.5%
2001Steely Dan
17.9%
2016Alabama Shakes
17.5%
2004Missy Elliott
17.2%
2017Sturgill Simpson
16.9%
1993Annie Lennox
15.7%
1995Tony Bennett
15.1%
1999Garbage
15.1%
2008Herbie Hancock
14%
2009Ne-Yo
12.6%
1992Amy Grant
12.4%
2016Chris Stapleton
12.4%
2004Evanescence
12.2%
1993k.d. lang
11.1%
1996Joan Osborne
9.9%
2014Sara Bareilles
9.2%
2002India.Arie
8.5%
1995Seal
8.1%
1994Donald Fagen
6.9%
1990The Traveling Wilburys
6.2%
1998Babyface
5.3%
1991Wilson Phillips
5%
2000Diana Krall
4.8%
1995The Three Tenors
4.7%
2008Vince Gill
4.2%

You're not logged in!

Compare scores with friends on all Sporcle quizzes.
Sign Up with Email
OR
Log In

You Might Also Like...

Show Comments

Extras

Top Quizzes Today


Score Distribution

Your Account Isn't Verified!

In order to create a playlist on Sporcle, you need to verify the email address you used during registration. Go to your Sporcle Settings to finish the process.

Report this User

Report this user for behavior that violates our Community Guidelines.

Details: